Music Quiz

Random Music or Lyrics Quiz

Guess the Green Day Song 6 Quiz Stats

 Plays Quiz not verified by Sporcle

Score 0/128 Timer 10:00
0 Plays Today
% Correct
I'm
97.1%
I'm
97.1%
I'm
97.1%
I'm
97.1%
I
97%
I
97%
I
97%
I
97%
a
95.8%
a
95.8%
a
95.8%
a
95.8%
you
81.8%
you
81.8%
you
81.8%
you
81.8%
you
81.8%
you
81.8%
you
81.8%
do
71.1%
do
71.1%
do
71.1%
me
62.3%
me
62.3%
to
61.5%
to
61.5%
to
61.5%
to
61.5%
No
58.3%
be
57%
be
57%
your
54.8%
your
54.8%
your
54.8%
your
54.8%
your
54.8%
your
54.8%
your
54.8%
your
54.8%
your
54.8%
your
54.8%
your
54.8%
your
54.8%
% Correct
your
54.8%
your
54.8%
your
54.8%
When
51.9%
When
51.9%
So
51.3%
So
51.3%
are
49.1%
are
49.1%
time
44.4%
time
44.4%
time
44.4%
time
44.4%
time
44.4%
time
44.4%
time
44.4%
time
44.4%
time
44.4%
time
44.4%
time
44.4%
time
44.4%
time
44.4%
time
44.4%
with
42.8%
With
42.8%
With
42.8%
with
42.8%
With
42.8%
why
42.5%
why
42.5%
like
41%
like
41%
like
41%
too
38.9%
too
38.9%
too
38.9%
too
38.9%
just
34.5%
just
34.2%
could
33.9%
could
33.9%
nothing
33.7%
nothing
33.7%
% Correct
nothing
33.7%
waste
31.6%
waste
31.6%
waste
31.6%
waste
31.6%
waste
31.6%
waste
31.6%
waste
31.6%
Wasting
31.4%
Wasting
31.4%
Wasting
31.4%
Wasting
31.4%
Wasting
31.4%
Wasting
31.4%
Wasting
31.4%
Wasting
31.4%
Wasting
31.4%
Wasting
31.4%
Well
30.7%
Well
30.7%
Well
30.7%
else
30.3%
else
30.3%
else
30.3%
May
30.1%
May
30.1%
May
30.1%
May
30.1%
alone
28.4%
alone
28.4%
around
26.7%
house
24.1%
Smoking
23.8%
off
23.7%
cigarettes
23.4%
parasite
18.7%
myself
18.6%
Roaming
17.8%
obligation
17.3%
Applying
15.2%
regrets
14.1%
Warding
12.3%

You're not logged in!

Compare scores with friends on all Sporcle quizzes.
OR
Log In

Show Comments

Extras

Top Quizzes Today


Score Distribution

Your Account Isn't Verified!

In order to create a playlist on Sporcle, you need to verify the email address you used during registration. Go to your Sporcle Settings to finish the process.

Report this User

Report this user for behavior that violates our Community Guidelines.

Details: